UITU Library & LRC     

Tulsian's Financial Management (Record no. 15846)

MARC details
000 -LEADER
fixed length control field 00478nam a2200181Ia 4500
008 - FIXED-LENGTH DATA ELEMENTS--GENERAL INFORMATION
fixed length control field 240925s9999 xx 000 0 und d
020 ## - INTERNATIONAL STANDARD BOOK NUMBER
International Standard Book Number 9789352531349
082 ## - DEWEY DECIMAL CLASSIFICATION NUMBER
Classification number 658.1508 TUL
100 ## - MAIN ENTRY--PERSONAL NAME
Personal name Tulsian, P C; Tulsian, Bharat
245 #0 - TITLE STATEMENT
Title Tulsian's Financial Management
250 ## - EDITION STATEMENT
Edition statement 5th
260 ## - PUBLICATION, DISTRIBUTION, ETC.
Place of publication, distribution, etc. New Delhi:
Name of publisher, distributor, etc. S. Chand & Company LTD
Date of publication, distribution, etc. ,2017.
300 ## - PHYSICAL DESCRIPTION
Extent 490p.
Other physical details 0
Type of unit Original
500 ## - GENERAL NOTE
General note Includes Index
600 ## - SUBJECT ADDED ENTRY--PERSONAL NAME
Personal name Management
650 ## - SUBJECT ADDED ENTRY--TOPICAL TERM
Topical term or geographic name entry element Management
942 ## - ADDED ENTRY ELEMENTS (KOHA)
Koha item type Books
Holdings
Withdrawn status Lost status Damaged status Not for loan Collection Home library Current library Date acquired Source of acquisition Cost, normal purchase price Total checkouts Full call number Barcode Date last seen Price effective from Koha item type
        Managament Sciences UITU Library UITU Library 01/05/2019 Multi Line Books 403.65   658.1508 TUL Q13347 09/25/2024 09/25/2024 Books

Powered by Koha